Prečo sa vyskytujú neštandardné vajcia?

Bibliographic Details
Main Author: Halaj, Martin, 1933- (Author)
Format: Article
Language:Slovak
Subjects:

MARC

LEADER 00000nab a2200000 a 4500
001 vtls000633542
003 SK-MaSNL
005 20260302184627.0
008 140328c1997 xo 0 slo
015 |a SNBRB19rr/mm-uuuuu 
035 |a CL0633681 
040 |a SNKBUCL  |b slo  |c SNKBUCL  |e AACR2 
041 0 |a slo 
044 |a xo  |c SK 
080 |a 637.4.04  |2 1981 
100 1 |a Halaj, Martin,  |d 1933-  |4 aut  |9 210166 
245 1 0 |a Prečo sa vyskytujú neštandardné vajcia?  |c Martin Halaj 
650 0 7 |a vajcia slepačie neštandardné  |2 snkbucl  |9 900051 
655 7 |a články z novín a časopisov  |2 snkbucl  |9 267496 
773 0 |t Chovateľ  |g Roč. 33, č. 8 (1997), s. 342-343 
850 |a Slovenská národná knižnica v Martine  |a MTA001 
852 |a SNK  |b KIS3GCP 
958 |a RK 
992 |a RBX 
999 |c 1426237  |d 1428167